Statistics for GTA V And Online Super Cars

Click here to take the quiz!

General Stats

  • This quiz has been taken 1,003 times
    (827 since last reset)
  • The average score is 12 of 43

Answer Stats

BrandCar% Correct
TruffadeAdder
68%
PegassiZentorno
57%
ProgenT20
54%
TruffadeNero
50%
TruffadeNero Custom
50%
GrottiTurismo R
45%
Pfister811
44%
CoilRocket Voltic
41%
KarinSultan RS
41%
CoilVoltic
41%
OverflodEntity XF
38%
OverflodEntity XXR
38%
BravadoBanshee 900R
36%
VapidBullet
32%
TruffadeThrax
31%
ProgenItali GTB
30%
ProgenItali GTB Custom
30%
BenefactorKrieger
29%
PegassiVacca
27%
GrottiCheetah
26%
PegassiInfernus
26%
ÜbermachtSC1
24%
CoilCyclone
23%
PegassiOsiris
23%
DewbaucheeVagner
23%
PegassiReaper
22%
PegassiTempesta
21%
GrottiX80 Proto
20%
VapidFMJ
18%
ChevalTaipan
18%
OcelotXA-21
16%
PegassiTezeract
15%
ProgenTyrus
15%
EmperorETR1
14%
ProgenGP1
13%
AnnisRE-7B
13%
OverflodAutarch
11%
GrottiVisione
11%
OcelotPenetrator
9%
PegassiZorrusso
9%
AnnisS80RR
7%
PegassiTorero
7%
GrottiVigilante
5%

Score Distribution

Percentile by Number Answered

Percent of People with Each Score

Your Score History

You have not taken this quiz since the last reset